Statistics for FIFA 22 TOTW 14

Click here to take the quiz!

General Stats

  • This quiz has been taken 10 times
  • The average score is 13 of 24

Answer Stats

ClubPositionRatingAnswer% Correct
Borussia MonchengladbachGK87Yann Sommer
100%
Bayern MunichCB86Dayot Upamecano
89%
VillarrealST87Gerard Moreno
89%
Man CityCAM92Kevin De Bruyne
89%
Man CityRM87Riyad Mahrez
89%
Bayern MunichST93Robert Lewandowski
89%
ArsenalLM84Gabriel Martinelli
78%
Inter MilanST86Lautaro Martinez
78%
JuventusRB85Juan Cuadrado
67%
LazioCB85Francesco Acerbi
56%
SevillaCM84Ivan Rakitic
56%
RomaCF82Nicolo Zaniolo
56%
UdineseCF82Gerard Deulofeu
44%
CadizGK81Jeremias Ledesma
44%
WolvesCB82Romain Saiss
44%
GranadaST81Jorge Molina
33%
Hertha BerlinCAM74Marco Richter
33%
MainzRWB81Silvan Widmer
33%
BenficaRW84Rafa Silva
22%
CharleroiST78Shamar Nicholson
22%
PSVRM77Yorbe Vertessen
22%
Young BoysST79Jordan Siebatcheu
11%
SV MeppenCAM74Luka Tankulic
11%
FC NurnbergCAM75Nikola Dovedan
11%

Score Distribution

Percentile by Number Answered

Percent of People with Each Score

Your Score History

You have not taken this quiz